<?xml version="1.0" encoding="UTF-8"?>
<collection xmlns="http://www.loc.gov/MARC21/slim">
 <record>
  <leader>01167pam a22002298a 4500</leader>
  <controlfield tag="001">00028111</controlfield>
  <controlfield tag="005">20171026081023.0</controlfield>
  <controlfield tag="008">120217s2007                  ||||||Viesd</controlfield>
  <datafield tag="020" ind1=" " ind2=" ">
   <subfield code="c">66500</subfield>
  </datafield>
  <datafield tag="041" ind1="0" ind2="#">
   <subfield code="a">Vie</subfield>
  </datafield>
  <datafield tag="082" ind1="1" ind2="4">
   <subfield code="a">530.1</subfield>
   <subfield code="b">PH206T</subfield>
  </datafield>
  <datafield tag="100" ind1="1" ind2="#">
   <subfield code="a">Đào, Huy Bích</subfield>
  </datafield>
  <datafield tag="245" ind1="1" ind2="0">
   <subfield code="a">Phép tính Tenxơ và một số ứng dụng trong cơ học, vật lý</subfield>
   <subfield code="c">Đào huy bích</subfield>
  </datafield>
  <datafield tag="260" ind1="#" ind2="#">
   <subfield code="a">Hà Nội</subfield>
   <subfield code="b">Đại học Quốc gia Hà Nội</subfield>
   <subfield code="c">2007</subfield>
  </datafield>
  <datafield tag="300" ind1="#" ind2="#">
   <subfield code="a">493tr.</subfield>
   <subfield code="c">24cm.</subfield>
  </datafield>
  <datafield tag="520" ind1="#" ind2="#">
   <subfield code="a"> cuốn sách này nhằm giới thiệu phép tính ten xơ và một số ứng dụng của nó trong cơ học và vật lý</subfield>
  </datafield>
  <datafield tag="651" ind1=" " ind2=" ">
   <subfield code="a">cơ học, vật lý, ứng dụng</subfield>
  </datafield>
  <datafield tag="852" ind1="#" ind2="#">
   <subfield code="b">Kho mượn</subfield>
   <subfield code="j">KM.0000025, KM.0006524, KM.0006553, KM.0006547, KM.0010967, KM.0006528, KM.0006563, KM.0006564, KM.0006562, KM.0005717</subfield>
  </datafield>
  <datafield tag="852" ind1="#" ind2="#">
   <subfield code="b">Kho đọc</subfield>
   <subfield code="j">KD.0012474</subfield>
  </datafield>
  <datafield tag="852" ind1="#" ind2="#">
   <subfield code="j">KM.0006524</subfield>
   <subfield code="j">KM.0006553</subfield>
   <subfield code="j">KM.0006547</subfield>
   <subfield code="j">KM.0006563</subfield>
   <subfield code="j">KM.0006564</subfield>
   <subfield code="j">KD.0012474</subfield>
   <subfield code="j">KM.0000025</subfield>
   <subfield code="j">KM.0005717</subfield>
   <subfield code="j">KM.0006528</subfield>
   <subfield code="j">KM.0006562</subfield>
   <subfield code="j">KM.0010967</subfield>
  </datafield>
  <datafield tag="910" ind1="0" ind2="#">
   <subfield code="a">TRUNG</subfield>
   <subfield code="d">17/02/2012</subfield>
  </datafield>
  <datafield tag="980" ind1="#" ind2="#">
   <subfield code="a">Trung tâm Học liệu Lê Vũ Hùng, Trường Đại học Đồng Tháp</subfield>
  </datafield>
 </record>
</collection>
